00956nam a2200205 a 4500001001000000003000900010005001700019008004100036040002500077082000700102100003600109245013100145260004800276300002800324500023000352590002700582942001400609952011000623999001700733000047344DO-SdBNP20220216110950.0180507s2004 dr a 000 0 spa d aDO-SdBNPbspacBNPHU 42221 aPrado Flores, José H. 91097110aHistoria de la salvación :bguía de la primera unidad, segunda etapa de la misión continental /cJosé H. Prado Flores aSanto Domingo, :bAmigo del hogar,c[s.f.]. a192 p. :bil. ;c23 cm. aCololaboración de la comisión nacional de catequesis, Hna. Carol Gross y comisión diocesana de Baní, comisión nacional de la misión continental, instituto nacional de pastoral, Pbro. Daniel Lorenzo Vargas Salazar. aInventariado, 2018/ YL 2ddccLBS1 0010718PDaPDbPDcCTd2018-05-07iLF1l0oxx xxxp47344-10r2020-06-25w2020-06-25yLFPDZNo se presta c46832d46832